Bước đầu tìm hiểu đa dạng sinh học của vườn Quốc Gia Phong Nha - Kẻ Bàng

Phong Nha - Kẻ Bàng là một đơn vị địa lý sinh vật có ý nghĩa vô cùng quan trọng đối với sự sống còn của cộng đồng trong sự nghiệp bảo vệ rừng đầu nguồn, ĐDSH và bảo vệ môi trường sinh thái. Tuy nhiên, trong thực tế nguồn tài nguyên rừng ở đây đang bị tác động mạnh bởi sức ép dân sinh, kinh tế của dâ...

Täydet tiedot

Tallennettuna:
Bibliografiset tiedot
Päätekijä: Nguyễn, Minh Hải
Muut tekijät: Nguyễn, Duy Hòa Th.S (Hướng dẫn)
Aineistotyyppi: Kirja
Kieli:Vietnamese
Julkaistu: Đà Nẵng Trường Đại học Sư phạm 6/2011
Sarja:Khóa luận tốt nghiệp ĐH. Chuyên ngành: Cử nhân Địa Lý
Aiheet:
Tagit: Lisää tagi
Ei tageja, Lisää ensimmäinen tagi!
Thư viện lưu trữ: Mạng thư viện Đại học Đà Nẵng
LEADER 01751nam a2200337 4500
001 000011412
003 7659
005 20120203160226.0
008 120203s6/20 viesd
041 |a vie 
072 |a Khóa luận tốt nghiệp 
082 |a 577.3  |b NG-H 
100 |a Nguyễn, Minh Hải 
245 |a Bước đầu tìm hiểu đa dạng sinh học của vườn Quốc Gia Phong Nha - Kẻ Bàng  |c Nguyễn, Minh Hải; Người hướng dẫn Nguyễn, Hồ,Phong 
260 |a Đà Nẵng  |b Trường Đại học Sư phạm  |c 6/2011 
300 |a 81tr, ảnh, biểu đồ  |c 29 cm. 
490 |a Khóa luận tốt nghiệp ĐH. Chuyên ngành: Cử nhân Địa Lý 
500 |a Tham khảo tr.80-tr.81 
520 |a Phong Nha - Kẻ Bàng là một đơn vị địa lý sinh vật có ý nghĩa vô cùng quan trọng đối với sự sống còn của cộng đồng trong sự nghiệp bảo vệ rừng đầu nguồn, ĐDSH và bảo vệ môi trường sinh thái. Tuy nhiên, trong thực tế nguồn tài nguyên rừng ở đây đang bị tác động mạnh bởi sức ép dân sinh, kinh tế của dân cư quanh vùng. 
653 |a Khóa luận tốt nghiệp Đại học 
700 |a Nguyễn, Duy Hòa  |c Th.S  |e Hướng dẫn 
OWN |a LSP 
AVA |a UDN50  |b LSP  |d 577.3 NG-H  |e available  |t Error 5001 Not defined in file expand_doc_bib_avail.  |f 1  |g 0  |h N  |i 0  |k 1 
999 |a From the UDN01 
AVA |a UDN50  |b LSP  |d 577.3 NG-H  |e available  |t Error 5001 Not defined in file expand_doc_bib_avail.  |f 1  |g 0  |h N  |i 0  |k 1 
TYP |a Monograph 
TYP |a Printed language 
980 |a Mạng thư viện Đại học Đà Nẵng